000 00648nam a22002417a 4500
003 UA-OsUOA
001 20777
007 ta
008 20031104b un ||||| |||| 00| 0 ukr d
100 _aКараосманогли Я. К.
090 _a930.22(560)
_bК21
942 _cBK
040 _aUA-OsUOA
_brus
_cUA-OsUOA
_dUA-OsUOA
245 _aДипломат поневоле
_bВоспоминания и наблюдения
300 _a352 с.
955 _a0
041 _arus
080 _a930.22(560)
260 _aМосква
_bМежнародные отношения
_c1978
044 _aRU
650 7 _2UDC
999 _c306961
_d306961